Images A-Z Ending With A - Statistics

General Stats
  • This quiz has been taken 96 times
    92 since last reset
  • The average score is 16 of 25
Answer Stats
Letter Image Answer % Correct
B Banana
98%
G Gorilla
95%
C Cobra
94%
J Jamaica
94%
Z Zebra
91%
L Lasagna
90%
U Umbrella
89%
Y Yoga
88%
I Iguana
85%
A Algebra
83%
H Harmonica
83%
N Ninja
82%
V Vanilla
78%
S Spatula
68%
D Diploma
65%
P Pinata
60%
Q Quinoa
40%
K Kookaburra
29%
O Ocarina
27%
T Tundra
27%
E Empanada
26%
M Mesa
24%
R Riviera
18%
F Fuchsia
17%
W Wisteria
17%
No matching quizzes found
Score Distribution
Percent of People with Each Score
Percentile by Number Answered
Your Score History
You have not taken this quiz since the last reset